| 000 | 00443nam a2200133Ia 4500 | ||
|---|---|---|---|
| 008 | 230917s9999||||xx |||||||||||||| ||und|| | ||
| 040 |
_e107377 _aMAIN |
||
| 041 | _aEnglish | ||
| 082 | _a373 A51S | ||
| 100 | _aAnita Kumari | ||
| 245 | 0 | _aStudy of depression , academic anxiety , values and study & habits and its relationship and academic achievement among scheduled caste and non scheduled caste students | |
| 300 | _a450 p. | ||
| 942 | _cTH | ||
| 999 |
_c124414 _d124414 |
||